[Event "24th Politiken Cup"]
[Site "Copenhagen DEN"]
[Date "2002.07.21"]
[Round "7"]
[White "Aagaard,J"]
[Black "Svensson,B"]
[Result "1-0"]
[WhiteElo "2359"]
[BlackElo "2398"]

1.e4 c5 2.Nf3 e6 3.d4 cxd4 4.Nxd4 a6 5.Bd3 Nf6 6.O-O Qc7 7.Nc3 Nc6 8.Be3 b5
9.Qe2 Bb7 10.a3 Be7 11.f4 d6 12.Rae1 O-O 13.Kh1 b4 14.Nxc6 bxc3 15.Nxe7+ Qxe7
16.e5 Nd5 17.b4 Nxe3 18.Qxe3 g6 19.Qg3 Rad8 20.f5 exf5 21.Bxf5 dxe5 22.Rxe5 Qd6
23.Bd3 f6 24.Rc5 Qxg3 25.hxg3 Rc8 26.Rxc8 Bxc8 27.Re1 Kg7 28.Kg1 Rf7 29.Kf2 Rc7
30.Re4 Bf5 31.Rd4 Bxd3 32.Rxd3 Kf7 33.Ke3 Rc4 34.Rd4 Rc6 35.Rd7+ Ke6 36.Rxh7 Kf5
37.Rh4 Re6+ 38.Kd3 Re1 39.Rc4 Rg1 40.Rxc3 Rxg2 41.Kd4 Kg4 42.a4 f5 43.b5 axb5
44.axb5 Rd2+ 45.Ke5 Rd8 46.b6  1-0

[Event "TCh-POL Jun"]
[Site "Laczna POL"]
[Date "2002.07.21"]
[Round "9"]
[White "Owczarzak,J"]
[Black "Marszalek,M"]
[Result "1/2-1/2"]
[WhiteElo "2294"]
[BlackElo "2250"]

1.e4 c5 2.Nf3 e6 3.d4 cxd4 4.Nxd4 a6 5.Bd3 Bc5 6.Nb3 Be7 7.Qg4 g6 8.Be3 Nc6
9.Qg3 d6 10.O-O Nf6 11.Nc3 O-O  1/2-1/2

[Event "KB Czech Open"]
[Site "Pardubice CZE"]
[Date "2002.07.25"]
[Round "7"]
[White "Klovans,J"]
[Black "Shaposhnikov,E"]
[Result "0-1"]
[WhiteElo "2431"]
[BlackElo "2532"]

1.e4 c5 2.Nf3 e6 3.d4 cxd4 4.Nxd4 a6 5.Bd3 Nf6 6.O-O d6 7.c4 b6 8.Nc3 Bb7
9.Be3 Nbd7 10.f3 Rc8 11.Rc1 Be7 12.b3 O-O 13.Qd2 Qc7 14.Rfd1 Qb8 15.Qf2 Rfe8
16.Kh1 Bd8 17.Nde2 Bc7 18.Bd4 Bc6 19.a4 Ne5 20.Bb1 Qb7 21.Qg3 Ned7 22.Qh3 b5
23.axb5 axb5 24.cxb5 Bxb5 25.Nxb5 Qxb5 26.Bd3 Qb7 27.Nc3 Bb6 28.Bxf6 Nxf6
29.e5 dxe5 30.Ne4 Rxc1 31.Rxc1 Qe7 32.Nxf6+ Qxf6 33.Qxh7+ Kf8 34.Qe4 Bd4
35.b4 g6 36.b5 Kg7 37.h3 Qg5 38.Rb1 Rc8 39.Kh2 Rc1 40.f4 Bg1+ 41.Kh1 Qg3  0-1

[Event "KB Czech Open"]
[Site "Pardubice CZE"]
[Date "2002.07.25"]
[Round "7"]
[White "Berg,E"]
[Black "Lingnau,C"]
[Result "1-0"]
[WhiteElo "2516"]
[BlackElo "2426"]

1.e4 c5 2.Nf3 e6 3.d4 cxd4 4.Nxd4 a6 5.Bd3 Nf6 6.Nc3 Qc7 7.f4 b5 8.Qf3 Bb7
9.Be3 Nc6 10.g4 h5 11.g5 Ng4 12.Bg1 Nxd4 13.Bxd4 e5 14.fxe5 Bc5 15.Bxc5 Qxc5
16.O-O-O Qf2 17.Qh3 Qe3+ 18.Qxe3 Nxe3 19.Rd2 Ng4 20.Be2 Nxe5 21.a4 bxa4 22.Nxa4 Bc6
23.Nb6 Rb8 24.Nc4 Nxc4 25.Bxc4 Ke7 26.Rf1 Rhf8 27.Rf5 f6 28.g6 h4 29.e5 fxe5
30.Rxe5+ Kf6 31.Rh5 Kxg6 32.Rxh4 a5 33.Rg4+ Kf6 34.Rf2+ Ke5 35.Re2+ Kd6 36.Rd2+ Kc5
37.Rg5+ Kxc4 38.b3+ Kc3 39.Rd3+ Kb4 40.Rd4+  1-0

[Event "17th Open"]
[Site "Avoine FRA"]
[Date "2002.07.26"]
[Round "7"]
[White "Apicella,M"]
[Black "Heurtebize,O"]
[Result "1-0"]
[WhiteElo "2510"]
[BlackElo "2265"]

1.e4 c5 2.Nf3 e6 3.d4 cxd4 4.Nxd4 a6 5.Bd3 Nf6 6.O-O Qc7 7.Qe2 d6 8.c4 b6
9.Nc3 Bb7 10.Rd1 Nbd7 11.Nf3 Be7 12.h3 O-O 13.Bg5 Rac8 14.Rac1 Rfe8 15.b3 Qb8
16.Bb1 Nf8 17.Qe3 Ba8 18.Na4 N8d7 19.Bxf6 gxf6 20.Qh6 Nf8 21.h4 b5 22.Nb2 Ng6
23.h5 Bf8 24.Qe3 Ne5 25.Nxe5 dxe5 26.Qg3+ Kh8 27.Qh4 h6 28.Qxf6+ Bg7 29.Qxf7 Rf8
30.Qe7 Rce8 31.Qc5 Qb7 32.cxb5 Qf7 33.b6 Qxh5 34.Rc3 Rf4 35.Rh3 Qe2 36.Qc2 Qb5
37.Nc4 Bxe4 38.Qxe4 Rxe4 39.Bxe4 Rb8 40.Rg3 a5 41.b7 Kg8 42.Nd6 Qb4 43.Kh2 h5
44.Rdd3 h4 45.Rg4 Qc5 46.Rxh4 Kf8 47.Rf3+ Ke7 48.Nc8+  1-0

[Event "24th Politiken Cup"]
[Site "Copenhagen DEN"]
[Date "2002.07.26"]
[Round "11"]
[White "Kongsted,C"]
[Black "Svensson,B"]
[Result "1/2-1/2"]
[WhiteElo "2224"]
[BlackElo "2398"]

1.e4 c5 2.Nf3 e6 3.d4 cxd4 4.Nxd4 a6 5.Bd3 Nf6 6.O-O Qc7 7.Qe2 d6 8.c4 g6
9.Nc3 Bg7 10.Rd1 O-O 11.Nf3 Nc6 12.h3 Nd7 13.Be3 Nde5 14.Rac1 Nxf3+ 15.Qxf3 Ne5
16.Qe2 b6 17.b3 Rd8 18.Bb1 Rb8 19.Qd2 Bf8 20.f4 Nd7 21.Qf2 Bb7 22.Bd3 Nc5  1/2-1/2

[Event "6th Open"]
[Site "Korinthos GRE"]
[Date "2002.07.27"]
[Round "5"]
[White "Trabert,B"]
[Black "Mastrovasilis,A"]
[Result "0-1"]
[WhiteElo "2320"]
[BlackElo "2461"]

1.e4 c5 2.Nf3 e6 3.d4 cxd4 4.Nxd4 a6 5.Bd3 Nf6 6.O-O d6 7.c4 Bd7 8.Nc3 Nc6
9.Nxc6 Bxc6 10.Qe2 Be7 11.Rd1 Qb8 12.Bf4 e5 13.Be3 O-O 14.b4 Rc8 15.a4 a5
16.b5 Bd7 17.b6 Be6 18.Nb5 Bd8 19.Na7 Rxa7 20.bxa7 Qa8 21.Rab1 Nd7 22.Qb2 b6
23.Be2 Bc7 24.h3 g6 25.Qc2 h5 26.g4 h4 27.Bg5 Qxa7 28.Bxh4 Kg7 29.Be7 Qb8
30.Bg5 Nc5 31.Be3 Bd8 32.Bxc5 Rxc5 33.Qd2 Bc7 34.Rb5 Rc6 35.Rc1 Qh8 36.Kg2 Qh4
37.Qe3 Bd8 38.Rc2 g5 39.Rc3 Qh7 40.Bd3 Qh6 41.Qc1 Bd7 42.Qd1 Rc8 43.Rb2 Rc5
44.Rd2 Bc7 45.Bc2 Bc6 46.f3 Kf8 47.Bb3 Qf6 48.Rcd3 Ke7 49.Qe1 Kd7 50.h4 Kc8
51.hxg5 Qxg5 52.Kh3 Bd8 53.Rxd6 Be7 54.R6d3 Bb7 55.Rh2 f5 56.exf5 e4 57.fxe4 Re5
58.Re3 Bd6 59.Qh4 Qxe3+ 60.Qg3 Qxg3+ 61.Kxg3 Rxe4+  0-1

[Event "6th Open"]
[Site "Korinthos GRE"]
[Date "2002.07.27"]
[Round "5"]
[White "Perunovic,Mio"]
[Black "Hellsten,J"]
[Result "0-1"]
[WhiteElo "2334"]
[BlackElo "2477"]

1.e4 c5 2.Nf3 e6 3.d4 cxd4 4.Nxd4 a6 5.Bd3 Nf6 6.O-O Qc7 7.Qe2 d6 8.c4 g6
9.Nc3 Bg7 10.Rd1 O-O 11.Nf3 Nc6 12.h3 Nd7 13.Be3 b6 14.Rac1 Nce5 15.Nxe5 Nxe5
16.b3 Bb7 17.Bb1 Rfd8 18.Bd4 Bh6 19.Be3 Bf8 20.Na4 Nd7 21.Bg5 Re8 22.Qd2 Rab8
23.Nc3 Ba8 24.Bh6 Bxh6 25.Qxh6 Red8 26.Rd4 Ne5 27.Qd2 Rd7 28.Rd1 Rbd8 29.Qe3 Qb8
30.a4 Qc7 31.f4 Nc6 32.R4d2 Na5 33.Bc2 Qc5 34.Qxc5 bxc5 35.e5 f5 36.Rxd6 Rxd6
37.exd6 Kf7 38.Kf2 Bc6 39.Na2 Nb7 40.b4 Nxd6 41.Kg1 a5 42.bxc5 Nb7 43.Rxd8 Nxd8
44.Nc3 Nb7 45.Nb5 Nxc5 46.Kf2 Kf6 47.g3 e5 48.Ke3 g5 49.fxe5+ Kxe5 50.Bxf5 Bxb5
51.axb5 Kxf5 52.Kd4 Ne6+ 53.Kd5 a4  0-1

[Event "It"]
[Site "Las Tunas CUB"]
[Date "2002.07.29"]
[Round "4"]
[White "Gongora,M"]
[Black "Tineo,F"]
[Result "1-0"]
[WhiteElo "2406"]
[BlackElo "2109"]

1.e4 c5 2.Nf3 e6 3.d4 cxd4 4.Nxd4 a6 5.Bd3 b5 6.O-O Bb7 7.a4 b4 8.Be3 Qc7
9.Nd2 Nf6 10.Qe2 h5 11.h3 Nc6 12.Nxc6 Qxc6 13.Bd4 Bc5 14.Qe3 Rc8 15.Nb3 Bxd4
16.Qxd4 Nxe4 17.Na5 Qd5 18.Qxg7 Ke7 19.Bxe4 Qxe4 20.Qg5+ Kf8 21.Rfe1 Qd5
22.Re5 Qxg2+ 23.Qxg2 Bxg2 24.Kxg2 Rxc2 25.b3 d5 26.Rd1 Kg7 27.Rd4 Kf6 28.Re3 Rb8
29.Rf4+ Kg7 30.Rg3+ Kf8 31.Rg5 Rc5 32.Nc4 Rxc4 33.bxc4 b3 34.Rxh5 Rb4 35.Rh7 f5
36.Rd4 b2 37.Rd1 b1=Q 38.Rxb1 Rxb1 39.cxd5 exd5 40.Rh5 Rb4 41.Rxf5+ Kg7 42.Rxd5 Rxa4
43.Rd6 Ra5 44.Kg3 Rg5+ 45.Kf4 Ra5 46.Kg4 Ra1 47.f4 Rg1+ 48.Kf5 Rh1 49.Rd3 Ra1
50.h4 Ra5+ 51.Ke6 Rh5 52.f5 Rh6+ 53.Ke7 Rb6 54.h5 a5 55.f6+  1-0

[Event "It"]
[Site "Las Tunas CUB"]
[Date "2002.07.30"]
[Round "5"]
[White "Gongora,M"]
[Black "Garcia,Om"]
[Result "0-1"]
[WhiteElo "2406"]
[BlackElo "2336"]

1.e4 c5 2.Nf3 e6 3.d4 cxd4 4.Nxd4 a6 5.Bd3 Nf6 6.O-O Qc7 7.Qe2 d6 8.c4 Nbd7
9.f4 g6 10.f5 e5 11.Nc2 Be7 12.Nc3 gxf5 13.exf5 b6 14.Bg5 Bb7 15.Bxf6 Nxf6
16.Ne4 Rc8 17.b3 Bxe4 18.Bxe4 d5 19.Bf3 e4 20.Bh5 d4 21.Qd1 d3 22.Ne1 Rg8
23.Kh1 Rd8 24.g4 Qe5 25.Ng2 e3 26.Nxe3 Qxe3 27.Re1 Qf4 28.g5 Rxg5 29.Bf3 Kf8
30.Rf1 Bd6 31.Rf2 Bc5 32.Rg2 Rxg2 33.Kxg2 Ke7 34.Qe1+ Kd6  0-1

[Event "Open A"]
[Site "Trier GER"]
[Date "2002.07.30"]
[Round "3"]
[White "Cioara,A"]
[Black "Meijers,V"]
[Result "0-1"]
[WhiteElo "2414"]
[BlackElo "2475"]

1.e4 c5 2.Nf3 e6 3.d4 cxd4 4.Nxd4 a6 5.Bd3 Qc7 6.O-O Nf6 7.Nc3 b6 8.Kh1 Bb7
9.f4 d6 10.Qf3 Nbd7 11.Bd2 Be7 12.Rae1 h5 13.Qe2 h4 14.Nf3 h3 15.g3 Nc5 16.b4 Ncd7
17.a4 g6 18.Kg1 Ng4 19.Nd4 Nh6 20.g4 Bf6 21.Ncb5 axb5 22.Nxb5 Qc6 23.g5 Bg7
24.gxh6 Rxh6 25.Na3 Rh4 26.Rf3 Kf8 27.Qf2 Rh5 28.Nb5 Rxa4 29.Nd4 Qc8 30.Rg3 Nc5
31.f5 Nxd3 32.cxd3 exf5 33.exf5 gxf5 34.Bg5 Rxg5 35.Rxg5 Ra2 36.Qf4 Be5 37.Qe3 Bxh2+
38.Kf1 Bg2+  0-1

[Event "2nd Summer Open"]
[Site "Savaria HUN"]
[Date "2002.08.01"]
[Round "9"]
[White "Simo,J"]
[Black "Szilagyi,Z"]
[Result "0-1"]
[WhiteElo "2043"]
[BlackElo "2263"]

1.e4 c5 2.Nf3 e6 3.d4 cxd4 4.Nxd4 a6 5.Bd3 Bc5 6.Nb3 Be7 7.O-O d6 8.Nc3 Nf6
9.f4 Nbd7 10.g4 Nc5 11.Nxc5 dxc5 12.Be3 b5 13.e5 Nd5 14.Qf3 Nxe3 15.Qxe3 Bb7
16.Rad1 Qc7 17.Be4 O-O 18.Qh3 Bxe4 19.Nxe4 Rad8 20.Qg3 Rd5 21.g5 Kh8 22.Qh4 Rfd8
23.Qh5 Qb7 24.Rd3 Rxd3 25.cxd3 c4 26.f5 exf5 27.Nd6 Bxd6 28.exd6 cxd3 29.Rf3 Qb6+
30.Kf1 Qxd6 31.Rh3 Qf4+  0-1

[Event "2nd Summer Open"]
[Site "Savaria HUN"]
[Date "2002.08.01"]
[Round "9"]
[White "Erdelyi,Z"]
[Black "Kovacs,Ta"]
[Result "1/2-1/2"]
[WhiteElo "2244"]
[BlackElo "2160"]

1.e4 c5 2.Nf3 e6 3.d4 cxd4 4.Nxd4 a6 5.Bd3 Qc7 6.O-O Nf6 7.Qe2 d6 8.f4 Nbd7
9.c4 Be7 10.b3 b6 11.Bb2 Bb7 12.Nd2 O-O 13.Rae1 Nc5 14.Bc2 e5 15.Nf5 Rfe8
16.Nxe7+ Qxe7 17.f5 b5 18.b4 Ncd7 19.cxb5 axb5 20.a3 Rec8 21.Bd3 Nb6 22.Rc1 Nc4
23.Bxc4 bxc4 24.Rxc4 Rxc4 25.Qxc4 Qd8 26.Kh1 Qb6 27.Re1 Ng4 28.h3 Rc8 29.Qb3 Qf2
30.Qd1 Rc2 31.Re2 Rxb2 32.hxg4 Qh4+ 33.Kg1 Qxg4 34.Nf3 Rxe2 35.Qxe2 Bxe4
36.b5 Kf8 37.b6 Ke7 38.Qc4 Qxf5 39.Nh4 Qg4 40.b7 Qd1+ 41.Kh2 Bxb7 42.Qc7+ Ke6
43.Qxb7 Qd4 44.Qc8+ Kf6 45.Qd8+ Ke6 46.Qc8+ Kf6 47.Qf5+ Ke7 48.Qxh7 Qf4+
49.g3 Qf2+ 50.Ng2 Qa2 51.Qh4+ f6 52.Qb4 Ke6 53.a4 d5 54.Qb6+ Kd7 55.a5 Qc2
56.Qb7+ Kd6 57.a6 Qc7 58.Qa8 g5 59.a7 Qh7+ 60.Nh4 gxh4 61.Qd8+ Kc5 62.Qc8+ Kd6
63.a8=Q hxg3+ 64.Kxg3 Qd3+ 65.Kh4 Qh7+ 66.Kg4 Qe4+ 67.Kg3 Qe3+ 68.Kh4  1/2-1/2

[Event "It"]
[Site "Sudak UKR"]
[Date "2002.08.02"]
[Round "1"]
[White "Palekha,A"]
[Black "Kuzmin,G"]
[Result "1-0"]
[WhiteElo "2365"]
[BlackElo "2512"]

1.e4 c5 2.Nf3 e6 3.d4 cxd4 4.Nxd4 a6 5.Bd3 g6 6.O-O Bg7 7.Ne2 Ne7 8.c4 O-O
9.Nbc3 Nbc6 10.Bg5 h6 11.Bh4 d6 12.Qd2 g5 13.Bg3 Ng6 14.f4 f5 15.exf5 exf5
16.Rad1 Be6 17.b3 g4 18.Bb1 Re8 19.Bf2 Qa5 20.Nd4 Bf7 21.g3 Nge7 22.Na4 Qxd2
23.Rxd2 Bxd4 24.Bxd4 b5 25.Nb6 Nxd4 26.Rxd4 Rad8 27.Rfd1 bxc4 28.bxc4 d5
29.Nxd5 Nxd5 30.cxd5 Rxd5 31.Rxd5 Bxd5 32.Bxf5 Bf3 33.Rd2 Kf7 34.Kf2 Kf6
35.Bc2 Rc8 36.Bb3 Ke7 37.Ke3 a5 38.Bd5 Rc3+ 39.Kd4 Ra3 40.Bb3 a4 41.Bc4 Kd6
42.Rd3 Rxd3+ 43.Bxd3 a3 44.Bc4 Bc6 45.f5 Ke7 46.Ke5  1-0

[Event "ch-IRI"]
[Site "Tehran IRI"]
[Date "2002.08.02"]
[Round "8"]
[White "Moosavian,S"]
[Black "Khaghani,M"]
[Result "1/2-1/2"]
[WhiteElo "2205"]
[BlackElo "2276"]

1.e4 c5 2.Nf3 e6 3.d4 cxd4 4.Nxd4 a6 5.Bd3 b5 6.Nc3 Qb6 7.Be3 Bc5 8.Be2 Nc6
9.Nxc6 Bxe3 10.fxe3 dxc6 11.Qd4 Qxd4 12.exd4 e5 13.d5 Ne7 14.O-O-O cxd5 15.Nxd5 Nxd5
16.Rxd5 f6 17.Rhd1 Be6 18.Rd6 Ke7 19.a4 bxa4 20.Bxa6 Rhb8 21.c3 Ra7 22.Rc6 a3
23.bxa3 Bd7 24.Rcd6 Rb3 25.R6d3 Bg4 26.Rg3 Rxa6 27.Rxg4 g6 28.Rh4 h5 29.g4 Rxc3+
30.Kb2 Raxa3 31.gxh5 gxh5 32.Rxh5 Rab3+ 33.Ka2 Rb6 34.Rh7+ Ke6 35.Rdd7  1/2-1/2

[Event "ch-IRI"]
[Site "Tehran IRI"]
[Date "2002.08.03"]
[Round "9"]
[White "Ardeshi,M"]
[Black "Mahjoob,M"]
[Result "1/2-1/2"]
[WhiteElo "2290"]
[BlackElo "2352"]

1.e4 c5 2.Nf3 e6 3.d4 cxd4 4.Nxd4 a6 5.Bd3 Nf6 6.O-O Qc7 7.c4 Nc6 8.Nxc6 dxc6
9.Nc3 e5 10.f4 Bc5+ 11.Kh1 b5 12.Qf3 Be6 13.f5 Bc8 14.Be3 Bxe3 15.Qxe3 Qe7
16.a3 Nd7 17.b4 O-O 18.Rfc1 Rd8 19.Rab1 Bb7 20.Ne2 Nf6 21.h3 c5 22.Ng3 cxb4
23.axb4 Rd4 24.cxb5 axb5 25.Bxb5 Nxe4 26.Nxe4 Rxe4 27.Qc5 Qd8 28.Bc6  1/2-1/2

[Event "ch-SLO w"]
[Site "Dobrna SLO"]
[Date "2002.08.04"]
[Round "2"]
[White "Stevanec,L"]
[Black "Orel,K"]
[Result "0-1"]
[WhiteElo "2123"]
[BlackElo "2026"]

1.e4 c5 2.Nf3 e6 3.d4 cxd4 4.Nxd4 a6 5.Bd3 Nc6 6.Nxc6 bxc6 7.O-O d5 8.Re1 Qc7
9.exd5 cxd5 10.c4 dxc4 11.Qa4+ Bd7 12.Qxc4 Qa5 13.Nc3 Nf6 14.Bf4 Be7 15.Bc7 Qb4
16.Qxb4 Bxb4 17.Be5 Ke7 18.a3 Ba5 19.b4 Bb6 20.Rad1 Ng4 21.Bg3 Bc6 22.Bf5 Nf6
23.Bd6+ Kd7 24.Bh3 Kc8 25.Rc1 Kb7 26.Be5 Rhd8 27.Red1 Rac8 28.Rxd8 Rxd8 29.Rd1 Rxd1+
30.Nxd1 Ba4 31.Nc3 Bc2 32.g4 h6 33.Bg2+ Kc8 34.h3 Ne8 35.Bf1 Kb7 36.Bg2+ Ka7
37.Bc6 f6 38.Bg3 Nc7 39.Bd6 Bb3 40.Ne2 g6 41.Nf4 g5 42.Nh5 f5 43.Kg2 fxg4
44.hxg4 Nb5 45.Bf8 Nxa3 46.Bxh6 Nc2 47.Bxg5 Nxb4 48.Be4 a5 49.Bf6 Nd5 50.Be5 Bd8
51.f4 Bd1 52.Kh3 Ne3 53.Bd4+ Bb6 54.Bxe3 Bxe3 55.Kg3 a4 56.Ng7 a3 57.Bb1 Bb3
58.Kf3 Bd4 59.Ne8 Bd5+ 60.Ke2 Kb6 61.Kd3 Bb2 62.Nd6 Kc5 63.Ne4+ Kb4 64.f5  0-1

[Event "II UPI"]
[Site "Mancha Real ESP"]
[Date "2002.08.04"]
[Round "3"]
[White "Carruana Fuentes,R"]
[Black "Castillo Gallego,S"]
[Result "1/2-1/2"]
[WhiteElo "2096"]
[BlackElo "2191"]

1.e4 c5 2.Nf3 e6 3.d4 cxd4 4.Nxd4 a6 5.Bd3 Qb6 6.Nb3 Qc7 7.O-O Nf6 8.Be3 Nc6
9.f4 Nb4 10.a3 Nxd3 11.cxd3 d6 12.Nc3 b5 13.Rc1 Qd8 14.g4 Nd7 15.g5 Be7 16.Qh5 Nc5
17.Nxc5 dxc5 18.Rcd1 Qc7 19.f5 exf5 20.exf5 Bb7 21.Qh3 Qd7 22.Ne4 Qd5 23.f6 gxf6
24.Rxf6 c4 25.Nc3 Qe5 26.Rf5 Qe6 27.dxc4 Bc8 28.Nd5 Qxf5 29.Qxf5 Bxf5 30.Nc7+ Kf8
31.Nxa8 bxc4 32.Nc7 Rg8 33.Nxa6 h6 34.h4 hxg5 35.hxg5 Bc8 36.Nb4 Bxg5 37.Bxg5 Rxg5+
38.Kf2 Be6 39.Rd2 Ke7 40.Nc6+ Kf6 41.Nd4 Bc8 42.Rc2 Ba6 43.b4 Rg4 44.b5 Rxd4
45.bxa6 Rd6 46.Rxc4 Rxa6 47.a4 Ke5 48.Ke3 f5 49.Rc5+ Kf6 50.a5 Kg5 51.Kf3 Rh6
52.Kg3 Rd6 53.Rc3 Ra6 54.Ra3 f4+ 55.Kf3 Rh6 56.Ra4 Rh3+ 57.Kg2 Rg3+ 58.Kf2 Kg4
59.a6 Rf3+ 60.Kg2 Rg3+ 61.Kf2 Rf3+ 62.Kg2 Rg3+ 63.Kf2 Rf3+  1/2-1/2

[Event "II UPI"]
[Site "Mancha Real ESP"]
[Date "2002.08.06"]
[Round "5"]
[White "Carruana Fuentes,R"]
[Black "Almagro Mazariegos,S"]
[Result "0-1"]
[WhiteElo "2096"]
[BlackElo "2292"]

1.e4 c5 2.Nf3 e6 3.d4 cxd4 4.Nxd4 a6 5.Bd3 Bc5 6.Nb3 Be7 7.c4 d6 8.O-O Nf6
9.f4 Nc6 10.Be3 b6 11.Nd4 Bb7 12.Nc3 O-O 13.Rc1 Rc8 14.b3 Nd7 15.f5 Nxd4
16.Bxd4 Bf6 17.Bb1 b5 18.cxb5 axb5 19.Kh1 Bg5 20.Rc2 Qa5 21.Qg4 Bf6 22.fxe6 Bxd4
23.exd7 Rxc3 24.Re2 Qc7  0-1

[Event "Juventus"]
[Site "Bucharest ROM"]
[Date "2002.08.10"]
[Round "6"]
[White "Grigore,N"]
[Black "Chirila,C"]
[Result "1-0"]
[WhiteElo "2380"]
[BlackElo "2189"]

1.e4 c5 2.Nf3 e6 3.d4 cxd4 4.Nxd4 a6 5.Bd3 Nf6 6.O-O d6 7.c4 b6 8.Nc3 Bb7
9.Be3 Nbd7 10.f3 Be7 11.Qd2 O-O 12.Rfd1 Qc7 13.Bf1 Rac8 14.Rac1 Qb8 15.Qf2 Bd8
16.Qg3 Bc7 17.Bh6 Ne8 18.f4 Nc5 19.Re1 Kh8 20.Bg5 Rg8 21.b4 Nd7 22.Qh3 b5
23.Kh1 Bb6 24.Nf3 bxc4 25.Be7 g6 26.f5 exf5 27.Ng5 Rg7 28.exf5 Bc6 29.Bxc4 Bxg2+
30.Qxg2 Rxc4 31.Qd5 Rd4 32.Qc6 Ndf6 33.Bf8 Rd2 34.Nce4 Rxa2 35.Nxf6 Nxf6
36.Qc8 Ng4 37.Bxg7+ Kxg7 38.f6+ Kxf6 39.Qxg4 Qb7+ 40.Qf3+  1-0

[Event "9th Open"]
[Site "Nice FRA"]
[Date "2002.08.10"]
[Round "7"]
[White "Szylar,E"]
[Black "Komljenovic,D"]
[Result "0-1"]
[WhiteElo "2121"]
[BlackElo "2459"]

1.e4 c5 2.Nf3 e6 3.d4 cxd4 4.Nxd4 a6 5.Bd3 Nf6 6.O-O d6 7.Re1 Nbd7 8.c4 Qc7
9.Nc3 Be7 10.Kh1 O-O 11.f4 b6 12.Qe2 Rd8 13.e5 dxe5 14.fxe5 Nxe5 15.Bf4 Bd6
16.Ne4 Nxe4 17.Bxe4 Rb8 18.Bxe5 Bxe5 19.Nc6 Bf6 20.Nxb8 Qxb8 21.Rad1 Qc7
22.b3 g6 23.Rd3 Kg7 24.Red1 b5 25.cxb5 axb5 26.a4 bxa4 27.bxa4 Ba6 28.Qe1 Bxd3
29.Bxd3  0-1

[Event "ch-AUT"]
[Site "Oberpullendorf AUT"]
[Date "2002.08.16"]
[Round "7"]
[White "Steiner,B"]
[Black "Scheffknecht,P"]
[Result "1-0"]
[WhiteElo "2252"]
[BlackElo "2183"]

1.e4 c5 2.Nf3 e6 3.d4 cxd4 4.Nxd4 a6 5.Bd3 Qc7 6.Nc3 b5 7.Qe2 d6 8.Bd2 Nf6
9.f4 Nbd7 10.O-O-O Bb7 11.a3 Be7 12.g4 Nc5 13.g5 Nfd7 14.Kb1 g6 15.f5 exf5
16.exf5 Bxh1 17.f6 Ne5 18.Rxh1 Bd8 19.h4 Nxd3 20.cxd3 Qb7 21.Ne4 Bc7 22.Rc1 Rc8
23.Nc6 Bb8 24.Nxb8 Rxc1+ 25.Bxc1 Qxb8 26.d4 Nc4 27.Nxd6+ Kd7 28.Nxf7 Re8
29.Qg4+ Kc6 30.Qf3+ Kb6 31.b3 Qc7 32.Qd5 Ne3 33.Qd6+ Kb7 34.Bxe3 Rxe3 35.Nd8+  1-0

[Event "ADCF Masters"]
[Site "Abu Dhabi UAE"]
[Date "2002.08.21"]
[Round "9"]
[White "Hamed,Ah"]
[Black "Amer,Mo"]
[Result "1/2-1/2"]
[WhiteElo "2308"]
[BlackElo "2189"]

1.e4 c5 2.Nf3 e6 3.d4 cxd4 4.Nxd4 a6 5.Bd3 Qc7 6.Nc3 Nf6 7.O-O b5 8.Be3 Bb7
9.a3 d6 10.Kh1 Be7  1/2-1/2

[Event "13th Summer Open"]
[Site "Recklinghausen GER"]
[Date "2002.08.21"]
[Round "5"]
[White "Koscielski,J"]
[Black "Tomic,Bo"]
[Result "0-1"]
[WhiteElo "2287"]
[BlackElo "2182"]

1.e4 c5 2.Nf3 e6 3.d4 cxd4 4.Nxd4 a6 5.Bd3 Qc7 6.O-O Nf6 7.Qe2 d6 8.Nc3 Be7
9.Bd2 O-O 10.Kh1 Nc6 11.Nxc6 bxc6 12.f4 d5 13.e5 Nd7 14.Na4 f6 15.Qh5 f5
16.g4 Nc5 17.Nxc5 Bxc5 18.gxf5 exf5 19.Rae1 Be6 20.h3 Qf7 21.Qe2 a5 22.a4 Rfb8
23.b3 Bb4 24.Rg1 c5 25.c3 Ba3 26.Bb5 d4 27.c4 Rd8 28.Rg3 Bb4 29.Bxb4 axb4
30.Bc6 Rac8 31.Bg2 Qc7 32.Rg1 g6 33.Qd3 Kh8 34.Kh2 Rg8 35.Bh1 Rg7 36.h4 Rcg8
37.Bd5 Qe7 38.Kh3 h6 39.Bxe6 Qxe6 40.Qf3 g5 41.hxg5 hxg5 42.Kg2 Rh7 43.Kf1 g4
44.Qd5 Qh6 45.Rf3 d3 46.Rf2 Qh3+ 47.Qg2 Qe3 48.Qg3 Qc1+ 49.Kg2 d2 50.Qd3 g3
51.Rff1 Rh2+ 52.Kf3 d1=Q+ 53.Qxd1 Qc3+  0-1

[Event "Hot Summer IM"]
[Site "Tel Aviv ISR"]
[Date "2002.08.22"]
[Round "1"]
[White "Shabtai,R"]
[Black "Kudischewitsch,D"]
[Result "0-1"]
[WhiteElo "2271"]
[BlackElo "2384"]

1.e4 c5 2.Nf3 e6 3.d4 cxd4 4.Nxd4 a6 5.Bd3 g6 6.O-O Bg7 7.Be3 Ne7 8.c3 d5
9.Nc2 O-O 10.Bc5 Nbc6 11.Re1 Re8 12.Nd2 b6 13.Ba3 Qc7 14.Nf3 Bb7 15.Qe2 dxe4
16.Bxe4 Na5 17.Bxb7 Nxb7 18.Bxe7 Rxe7 19.Nb4 Rd7 20.Nxa6 Qc8 21.Rad1 Rxd1
22.Rxd1 Na5 23.Nb4 Nc4 24.Nd4 Qc5 25.g3 h5 26.Nb3 Qc7 27.Qc2 Rc8 28.Nd2 Nxb2
29.Qxb2 Bxc3 30.Qb3 Qd6 31.Nc4 Qxb4 32.Nxb6 Rb8 33.Rd3 Qxb3 34.axb3 Bb4 35.Nc4 Ra8
36.Ne5 Ra2 37.Rf3 Ra7 38.Nc6 Ra1+ 39.Kg2 Bc5 40.b4 Bb6 41.Ne5 Ra7 42.Nc4 Bd4
43.Rd3 e5 44.f4 Ra2+ 45.Kf3 f5 46.Rd2 Rxd2 47.Nxd2 Bc3 48.Nb3 e4+ 49.Ke3 Bxb4
50.h3 Kf7 51.g4 Kf6 52.gxh5 gxh5 53.Ke2 Bd6 54.Ke3 Bc7 55.Nc1 Bb6+ 56.Ke2 Ke6
57.Nb3 Kd5 58.Nd2 h4 59.Nf1 Kc4 60.Nd2+ Kc3 61.Nb1+ Kd4 62.Nd2 Bc7 63.Nb3+ Kc3  0-1

[Event "Open"]
[Site "Padron ESP"]
[Date "2002.08.23"]
[Round "2"]
[White "Salgado Lopez,I"]
[Black "Reinaldo Castineira,R"]
[Result "1/2-1/2"]
[WhiteElo "2163"]
[BlackElo "2403"]

1.e4 c5 2.Nf3 e6 3.d4 cxd4 4.Nxd4 a6 5.Bd3 g6 6.a4 Bg7 7.Nb3 Ne7 8.Nc3 Nbc6
9.Qe2 Nb4 10.Bg5 h6 11.Bh4 O-O 12.O-O g5 13.Bg3 d5 14.exd5 Nexd5 15.Nxd5 Nxd5
16.c3 Bd7 17.Nc5 Bc6 18.Rfd1 Qe7 19.Nb3 Rfd8 20.Na5 Rac8 21.Nxc6 Rxc6 22.Rac1 Rcc8
23.Be4 Nf6 24.Bf3 Ne8 25.h3 Bf6 26.a5 Rxd1+ 27.Rxd1 Rc5 28.Qe4  1/2-1/2

[Event "Atlantic Open"]
[Site "Washington DC USA"]
[Date "2002.08.24"]
[Round "2"]
[White "Samuelson,A"]
[Black "Mayer,Stev"]
[Result "1-0"]
[WhiteElo "2205"]
[BlackElo "2193"]

1.e4 c5 2.Nf3 e6 3.d4 cxd4 4.Nxd4 a6 5.Bd3 Nf6 6.c4 Qc7 7.Nc3 d6 8.O-O g6
9.Be3 Bg7 10.f4 Nbd7 11.b4 O-O 12.Rc1 Re8 13.Nb3 b6 14.a4 Bb7 15.c5 bxc5
16.bxc5 dxc5 17.e5 Nd5 18.Nxd5 Bxd5 19.Nxc5 Nxc5 20.Bxc5 Qa5 21.Bd6 Rac8
22.Qe2 Rxc1 23.Rxc1 Qxa4 24.Bxa6 Qxf4 25.Rf1 Qe4 26.Qf2 Kh8 27.Qg3 Kg8 28.Bd3 Qd4+
29.Kh1 Ra8 30.h4 Ra2 31.Rf4 Qa1+ 32.Rf1 Qc3 33.Rb1 h5 34.Rb8+ Bf8 35.Rxf8+ Kg7
36.Rxf7+  1-0

[Event "GP"]
[Site "Izmir TUR"]
[Date "2002.08.31"]
[Round "4"]
[White "Spasov,V"]
[Black "Mastrovasilis,A"]
[Result "1-0"]
[WhiteElo "2581"]
[BlackElo "2461"]

1.e4 c5 2.Nf3 e6 3.d4 cxd4 4.Nxd4 a6 5.Bd3 d5 6.exd5 Qxd5 7.O-O Bd7 8.Be3 Nf6
9.Be2 Qd6 10.Bf3 Qc7 11.Nd2 Bd6 12.g3 O-O 13.Re1 Rd8 14.Bg5 Be5 15.c3 h6
16.Be3 Bd6 17.Qb3 e5 18.Nf5 Bxf5 19.Bb6 Qd7 20.Bxd8 Qxd8 21.Qxb7 e4 22.Nxe4 Bxe4
23.Bxe4 Nxe4 24.Qxe4 Ra7 25.Qe8+ Qxe8 26.Rxe8+ Kh7 27.Rd1 Bc7 28.Re7 Kg6
29.Rd6+ Bxd6 30.Rxa7 f5 31.b4 Kf6 32.c4 Bxb4 33.Rb7 Bd6 34.c5 Be5 35.f4 Bd4+
36.Kg2  1-0

[Event "ch-Arab"]
[Site "Casablanca MAR"]
[Date "2002.09.01"]
[Round "6"]
[White "Tissir,M"]
[Black "Ahmed,Es"]
[Result "1/2-1/2"]
[WhiteElo "2376"]
[BlackElo "2424"]

1.e4 c5 2.Nf3 e6 3.d4 cxd4 4.Nxd4 a6 5.Bd3 g6 6.O-O Bg7 7.Nf3 Nc6 8.c4 Nge7
9.Nc3 O-O 10.Re1 Qc7 11.h3 f5 12.exf5 Nxf5 13.Ne4 b6 14.Rb1 Bb7 15.b4 a5
16.a3 axb4 17.axb4 Ncd4 18.Nxd4 Bxd4 19.Bb2 Ra2 20.Bxd4 Nxd4 21.Ra1 Rfxf2
22.Rxa2 Rxa2 23.Bb1 Bxe4 24.Bxa2 Nf3+ 25.gxf3 Qg3+ 26.Kf1 Bxf3 27.Qd2 Qxh3+
28.Kf2 Bc6 29.Rf1 Qh2+ 30.Ke1 Qe5+ 31.Qe2 Qc3+ 32.Kf2 Qf6+ 33.Kg3 Qg5+ 34.Kh3 Qh6+
35.Kg3 Qg5+ 36.Kf2 Qf4+  1/2-1/2

[Event "GP"]
[Site "Izmir TUR"]
[Date "2002.09.03"]
[Round "7"]
[White "Altinsoy,M"]
[Black "Gasimov,R"]
[Result "0-1"]
[WhiteElo "2109"]
[BlackElo "2370"]

1.e4 c5 2.Nf3 e6 3.d4 cxd4 4.Nxd4 a6 5.Bd3 Nf6 6.O-O d6 7.Nc3 Nbd7 8.Be3 b5
9.a4 bxa4 10.Nxa4 Bb7 11.f3 d5 12.exd5 Nxd5 13.Bf2 Bd6 14.Be4 N7f6 15.Bxd5 Bxd5
16.Ne2 Qc7 17.h3 Rb8 18.b3 O-O 19.c4 Bc6 20.Qc2 Nd7 21.Nd4 Bxa4 22.Rxa4 Nc5
23.Ra2 Rfd8 24.Rb1 Bh2+ 25.Kh1 Be5 26.b4 Bxd4 27.Bxd4 Rxd4 28.bxc5 Rbd8 29.Rxa6 Qxc5
30.Rab6 g6 31.Rb8 Rxb8 32.Rxb8+ Kg7 33.Rb5 Qxc4 34.Qxc4 Rxc4 35.Kh2 Rc2 36.Kg3 Kf6
37.h4 Rc1 38.Ra5 Rc6 39.Ra4 h6 40.Rb4 Rc5 41.Ra4 Rd5 42.Rb4 Rd6 43.Rf4+ Ke7
44.Ra4 e5 45.Ra8 h5 46.Ra4 Ke6 47.Ra5 Kf5 48.Ra7 f6 49.Ra5 Rd3 50.Ra4 Rd2
51.Rb4 g5 52.hxg5 Kxg5 53.Rb8 h4+ 54.Kh3 f5 55.Rg8+ Kf4 56.Rh8 e4 57.fxe4 fxe4
58.Rxh4+ Ke3 59.Rh8 Rd3 60.Kh4 Kf2 61.g4 e3 62.Rf8+ Kg2 63.Re8 Kf3 64.Rf8+ Kg2
65.Re8 Kf2 66.Rf8+ Ke1 67.g5 e2 68.Re8 Kd2 69.Rxe2+ Kxe2 70.Kh5 Kf3 71.g6 Kf4
72.g7 Kf5 73.Kh4 Ke5  0-1

[Event "ch-Arab"]
[Site "Casablanca MAR"]
[Date "2002.09.04"]
[Round "9"]
[White "Mansour,S"]
[Black "Ahmed,Es"]
[Result "1-0"]
[WhiteElo "2248"]
[BlackElo "2424"]

1.e4 c5 2.Nf3 e6 3.d4 cxd4 4.Nxd4 a6 5.Bd3 g6 6.O-O Bg7 7.Be3 Ne7 8.Nc3 Nbc6
9.Nxc6 bxc6 10.Qd2 O-O 11.Bh6 Bxh6 12.Qxh6 f6 13.Bc4 Qc7 14.Rad1 f5 15.Bb3 fxe4
16.Nxe4 d5 17.Nc5 a5 18.c4 Rf5 19.cxd5 cxd5 20.Qc1 Rb8 21.Rfe1 Rb6 22.Nd3 Qb8
23.Qc5 Qa7 24.Rc1 Ba6 25.Rxe6 Rb7 26.Qxa7 Rxa7 27.Ne5 Kg7 28.Nc6 Nxc6 29.Rexc6 Re5
30.R6c5 Rae7 31.h4 Re1+ 32.Rxe1 Rxe1+ 33.Kh2 d4 34.Rxa5 Be2 35.Rd5 d3 36.Bc4 Rd1
37.b3 Rd2 38.a4 Bf1 39.Kg3 Rc2 40.Kf3 Rc1 41.a5 Rc3  1-0